zpět

Detail výsledku týmu

The Pub Praha 2 PO, Praha

Datum a čas kvízu

25 Celkem bodů Celkový počet nahraných bodů na tomto kvízu bez doplňovacích otázek.
10. Pořadí na kvízu Konečné umístění týmu na tomto kvízu.

Zaznamenané odpovědi

# Otázka Odpověď Body Výsledky
1. Kolik korun měl stát podle slo... 15 000 Kč 1
2. Na Slovensku byl schválen záko... B 0
3. Fotografií roku 2025 se v sout... A) konec hlubinné těžby uhlí na Ostravsku 1
4. Nápojářská skupina Kofola zaví... Nobilis Tilia 0
5. Ve kterém sportu povede nově č... A 0
6. Jak se jmenuje italský horolez... Reinhold Messner 1
7. Jak se trojslovně jmenuje disc... lezení na obtížnost 1
8. Jak se jedním slovem nazývá ho... mačky 1
9. Po půl bodu můžete získat, kdy... El Capitan, Yosemite 1
10. Jak se jmenuje fenomenální slo... B) Janja Garnbret 0